<?xml version="1.0" encoding="UTF-8"?>
<marc:record xmlns:marc="http://www.loc.gov/MARC21/slim">
   <marc:leader>00000nam a2200000 a 4500</marc:leader>
   <marc:datafield ind1="0" ind2="0" tag="245">
      <marc:subfield code="a">Superman</marc:subfield>
   </marc:datafield>
   <marc:datafield ind1=" " ind2="1" tag="264">
      <marc:subfield code="a">München</marc:subfield>
      <marc:subfield code="b">Plaion Pictures</marc:subfield>
      <marc:subfield code="c">2025</marc:subfield>
   </marc:datafield>
   <marc:datafield ind1="1" ind2=" " tag="520">
      <marc:subfield code="a">Clark Kent versucht als Superman, zwischen Menschlichkeit und übermenschlicher Verantwortung zu bestehen. Während er gegen mächtige Widersacher kämpft, muss er sich zugleich in einer digitalen Welt behaupten, in der selbsternannte Helden von Bots verleumdet statt gefeiert werden.</marc:subfield>
   </marc:datafield>
   <marc:datafield ind1=" " ind2=" " tag="020">
      <marc:subfield code="a">5051890342614</marc:subfield>
      <marc:subfield code="9">5051890342614</marc:subfield>
   </marc:datafield>
   <marc:datafield ind1=" " ind2=" " tag="300">
      <marc:subfield code="a">1 DVD (ca. 163 Min.)</marc:subfield>
   </marc:datafield>
</marc:record>
